000 00224nam a2200097Ia 4500
008 230915s9999 xx 000 0 und d
050 _aHF 5691 .L53 2011
100 _aLIAL MAGRARET L.
245 0 _aBUSINESS MATH
942 _cBK
999 _c84109
_d84109